000 00408nam a2200181Ia 4500
001 19175
005 20260306171725.0
008 260306s9999||||xx |||||||||||||| ||und||
041 _aESP
082 _a658.8
_bS21
100 _aSantesmases Mestre, Miguel
_eAUT
245 0 _aFundamentos de marketing
260 _c2009
300 _a
_c
650 _aGEN
654 _aCAN
942 _cLIB
_dJUS
_fJUS
_2ddc
_n
999 _c19175
_d19175